000 00516nam a2200181Ia 4500
008 131103s9999 xx 000 0 und d
040 _aLoreto College
041 _aEnglish
082 _a843/PRO
_bLCLIB/18039
100 _aBeckett, Samuel
245 _aSamuel Beckett proust
_b Three dialogues
_cSamuel Beckett and Georges Duthuit
260 _aLondon
_bCalder & boyars
_c1970
300 _a126p.
_c 22cm.
650 _aFrench fiction
700 _aDuthuit, Georges
850 _aLCLIB/843/PRO
942 _cBK
999 _c24345
_d74824